000 02787cam a2200385 i 4500
001 22388831
003 OSt
005 20231005155516.0
008 220119s2022 nyu 000 1 eng
010 _a 2021055896
020 _a9781526653239
020 _a9780593542552 (softcover)
020 _a9780593541883
_c(hardcover)
040 _aDLC
_beng
_erda
_cDLC
_dDLC
042 _apcc
043 _af------
_afe-----
_ae-gx---
050 0 0 _aPR9399.9.G87
_bA69 2022
082 0 0 _a823.914
_bGUR/A
100 1 _aGurnah, Abdulrazak,
_d1948-
_eauthor.
_99672
245 1 0 _aAfterlives /
_cAbdulrazak Gurnah.
264 1 _aNew York :
_bRiverhead Books,
_c2022.
300 _a309 pages ;
_c24 cm
336 _atext
_btxt
_2rdacontent
337 _aunmediated
_bn
_2rdamedia
338 _avolume
_bnc
_2rdacarrier
520 _a"From the winner of the 2021 Nobel Prize in Literature, a sweeping, multi-generational saga of displacement, loss, and love, set against the brutal colonization of east Africa. When he was just a boy, Ilyas was stolen from his parents on the coast of east Africa by German colonial troops. After years away, fighting against his own people, he returns home to find his parents gone and his sister, Afiya, abandoned into de facto slavery. Hamza too, is back from the war. He was not stolen but sold into service, where he became the protégé of an officer whose special interest has left him literally scarred for life. With nothing but the clothes on his back, he seeks only steady work and safety - until he meets the beautiful, undaunted Afiya. As these young people live and work and fall in love, their fates knotted ever more tightly together, the shadow of a new war on another continent falls over them, ready to snatch them up and once again carry them away. Spanning from the end of the nineteenth century, when the Europeans carved up Africa, on through the tumultuous decades of revolt and suppression that followed, AFTERLIVES is an astonishingly moving portrait of survivors refusing to sacrifice their humanity to the violent forces that assail them"--
_cProvided by publisher.
651 0 _aAfrica, East
_xColonization
_xHistory
_y20th century
_vFiction.
651 0 _aGermany
_xColonies
_zAfrica
_xHistory
_y20th century
_vFiction.
655 7 _aHistorical fiction.
_2lcgft
655 7 _aNovels.
_2lcgft
776 0 8 _iOnline version:
_aGurnah, Abdulrazak, 1948-
_tAfterlives
_dNew York : Riverhead Books, 2022
_z9780593541906
_w(DLC) 2021055897
906 _a7
_bcbc
_corignew
_d1
_eecip
_f20
_gy-gencatlg
942 _2ddc
_cBK
_h823.914
_iGUR/A
_k823.914
_mGUR/A
999 _c42539
_d42539